Building The Mobile Internet (Record no. 331513)

MARC details
000 -LEADER
fixed length control field 00479nam a2200169Ia 4500
008 - FIXED-LENGTH DATA ELEMENTS--GENERAL INFORMATION
fixed length control field 230718s9999 xx 000 0 und d
020 ## - INTERNATIONAL STANDARD BOOK NUMBER
International Standard Book Number 9788131770139
041 ## - LANGUAGE CODE
Language code of text/sound track or separate title eng
082 ## - DEWEY DECIMAL CLASSIFICATION NUMBER
Classification number 621.38456
Item number GRA
100 ## - MAIN ENTRY--PERSONAL NAME
Personal name Grayson M.
9 (RLIN) 176049
245 ## - TITLE STATEMENT
Title Building The Mobile Internet
260 ## - PUBLICATION, DISTRIBUTION, ETC. (IMPRINT)
Date of publication, distribution, etc. 2012
Name of publisher, distributor, etc. Pearson
300 ## - PHYSICAL DESCRIPTION
Extent 254
365 ## - TRADE PRICE
Currency code Rs.
Price amount 399.00
700 ## - ADDED ENTRY--PERSONAL NAME
Personal name Grayson M.; Shatzkamer K. & Wierenga K.
9 (RLIN) 193960
906 ## - LOCAL DATA ELEMENT F, LDF (RLIN)
d O:0309719-Oct-2012B:4729324-Sep-2012
c COMP
b 87.78
Holdings
Withdrawn status Lost status Damaged status Not for loan Home library Current library Date acquired Vendor Budget Code Cost, normal purchase price Bill number Total Checkouts Full call number Barcode Date last seen Discount Cost, replacement price Bill Date Koha item type Original Barcode
        Cummins College of Engineering for Women Pune Cummins College of Engineering for Women Pune 19/10/2012 Vaibhav Book House COMP 311.22 47293   621.38456 CCEP-BK-42720 18/07/2023 87.78 399.00 24/09/2012 Books 042720